Mezinárodní desatinné třídení (FID 629) : Tabulka I e. Všeobecné pomocné znaky místa (výběr)

Na minha lista:
Detalhes bibliográficos
Formato: Livro
Idioma:tcheco
Publicado em: Praha : ÚVTEI, 1984
Edição:2. vyd.
Assuntos:
MDT
Tags: Adicionar Tag
Sem tags, seja o primeiro a adicionar uma tag!

MARC

LEADER 00000nam a22000003a 4500
001 stu89331
005 20150408175221.8
008 040728s1984----cs------------------cze-d
040 |a STU  |b slo 
041 0 |a cze 
044 |a cs 
080 |a 025.45 
245 |a Mezinárodní desatinné třídení (FID 629) :  |b Tabulka I e. Všeobecné pomocné znaky místa (výběr) 
250 |a 2. vyd. 
260 |a Praha :  |b ÚVTEI,  |c 1984 
300 |a 163 s 
650 7 |a MDT  |2 stusub 
996 |b 284EK07094  |c E*54344  |l EE01  |s P  |a 0  |w stu89331_0001